| Tag |
First Indicator |
Second Indicator |
Subfields |
| LEADER |
00000cam a2200000 a 4500 |
| 001 |
in00000013812 |
| 005 |
20151007052433.0 |
| 008 |
871005s1986 enkfa 00110beng |
| 010 |
|
|
|a 86166942
|
| 020 |
|
|
|a 0575036745 :
|c £14.95
|
| 035 |
|
|
|a (OCoLC)16922075
|
| 035 |
|
|
|9 AAA7782AM
|
| 040 |
|
|
|a DLC
|c DLC
|d TXA
|d UtOrBLW
|
| 049 |
|
|
|a TXAM
|c [A11056605]
|
| 050 |
0 |
0 |
|a PR6045.A16
|b Z63 1986
|
| 082 |
0 |
|
|a 828/.91209
|a B
|2 19
|
| 100 |
1 |
|
|a Corrigan, Felicitas.
|
| 245 |
1 |
0 |
|a Helen Waddell :
|b a biography /
|c Felicitas Corrigan.
|
| 264 |
|
1 |
|a London :
|b V. Gollancz,
|c 1986.
|
| 300 |
|
|
|a 363 pages, 12 unnumbered pages of plates :
|b illustrations ;
|c 24 cm.
|
| 336 |
|
|
|a text
|b txt
|2 rdacontent
|
| 337 |
|
|
|a unmediated
|b n
|2 rdamedia
|
| 338 |
|
|
|a volume
|b nc
|2 rdacarrier
|
| 500 |
|
|
|a Includes index.
|
| 600 |
1 |
0 |
|a Waddell, Helen,
|d 1889-1965.
|
| 650 |
|
0 |
|a Authors, English
|y 20th century
|v Biography.
|
| 650 |
|
0 |
|a Medievalists
|z Great Britain
|v Biography.
|
| 999 |
|
|
|a MARS
|
| 999 |
f |
f |
|s f618cd6b-ae07-3fc6-90ea-2a87a396ecb8
|i 9fc3227e-593c-38cb-856b-a8c3dabd8f00
|t 0
|
| 952 |
f |
f |
|p ric
|a Texas A&M University
|b Rellis Campus
|c Joint Library Facility
|d Remote Storage
|t 0
|e PR6045.A16 Z63 1986
|h Library of Congress classification
|i unmediated -- volume
|m A14811056605
|
| 998 |
f |
f |
|a PR6045.A16 Z63 1986
|t 0
|l Remote Storage
|